[Event "WA Class 2006 - D Section"]
[Site "Seattle"]
[Date "2006.11.25"]
[Round "3"]
[White "Hornickle, John"]
[Black "MacGregor, Logan"]
[Result "0-1"]
[WhiteElo "1372"]
[BlackElo "1050"]
[PlyCount "86"]
[EventDate "2006.11.??"]
[Source "Drayton Harriso"]
[SourceDate "2006.12.04"]

1. e4 c5 2. Nc3 g6 3. g3 Nc6 4. Bg2 Bg7 5. d3 e6 6. f4 Nge7 7. Nf3 d5 8. O-O d4
9. Ne2 O-O 10. Bd2 a5 11. c3 b5 12. cxd4 cxd4 13. a3 Bb7 14. Qb3 Qb6 15. Rfc1
Rac8 16. Qd1 Rfd8 17. Rc2 Ba6 18. b4 a4 19. Rac1 e5 20. Nh4 Bb7 21. Bh3 Rb8 22.
f5 f6 23. fxg6 hxg6 24. Be6+ Kf8 25. Ba2 Bc8 26. Nxg6+ Nxg6 27. Rxc6 Qb7 28.
Qc2 Ne7 29. Qc5 Qxc6 30. Qxc6 Nxc6 31. Rxc6 Bg4 32. Nc1 Rdc8 33. Bd5 Rxc6 34.
Bxc6 Rb6 35. Bd5 Be6 36. Kf2 Bxd5 37. exd5 Rd6 38. Kf3 Rxd5 39. Ke4 Rd7 40. Kf5
Kf7 41. Ne2 Rc7 42. Ng1 Rc2 43. Nf3 Rc3 0-1

[Event "WA Class 2006 - D Section"]
[Site "Seattle"]
[Date "2006.11.25"]
[Round "3"]
[White "La Madrid, Ramone"]
[Black "Hong, Katie"]
[Result "1-0"]
[WhiteElo "1323"]
[BlackElo "752"]
[PlyCount "111"]
[EventDate "2006.11.??"]
[Source "Drayton Harriso"]
[SourceDate "2006.12.04"]

1. e4 c6 2. d4 d5 3. Nc3 dxe4 4. Nxe4 Bf5 5. Qf3 e6 6. c3 Nf6 7. Bg5 Be7 8.
Nxf6+ Bxf6 9. Bxf6 Qxf6 10. g4 Bg6 11. Qxf6 gxf6 12. h4 Be4 13. f3 Bc2 14. b3
h6 15. Rh2 Bh7 16. O-O-O Ke7 17. g5 Nd7 18. f4 Bf5 19. gxf6+ Nxf6 20. Bh3 Nh5
21. Bxf5 exf5 22. Re1+ Kd6 23. Rf2 Rae8 24. Re5 Rxe5 25. fxe5+ Ke6 26. Ne2 f6
27. Rg2 b6 28. Rg6 Kf7 29. Rg1 Rg8 30. e6+ Kf8 31. e7+ Kf7 32. Rxg8 Kxe7 33.
Rh8 f4 34. Rxh6 f3 35. Rxh5 Ke6 36. Ng3 Kf7 37. Rf5 Kg6 38. Rxf3 a6 39. c4 a5
40. d5 cxd5 41. cxd5 Kf7 42. h5 b5 43. Rf5 a4 44. d6 Ke6 45. h6 axb3 46. h7
bxa2 47. Kb2 Kf7 48. Rxf6+ Kg7 49. Rf7+ Kxf7 50. h8=Q Ke6 51. Qh6+ Kd7 52. Ne4
b4 53. Kxa2 Kc6 54. Qg5 Kd7 55. Qe7+ Kc8 56. Qc7# 1-0

[Event "WA Class 2006 - D Section"]
[Site "Seattle"]
[Date "2006.11.25"]
[Round "4"]
[White "Hong, Katie"]
[Black "Seemer, Aaron"]
[Result "0-1"]
[WhiteElo "752"]
[BlackElo "1400"]
[PlyCount "106"]
[EventDate "2006.11.??"]
[Source "Drayton Harriso"]
[SourceDate "2006.12.04"]

1. d4 d5 2. Bf4 Nf6 3. e3 c6 4. c3 Bf5 5. Nd2 Nbd7 6. Ngf3 e6 7. Be2 Be7 8. O-O
Nh5 9. Be5 Nxe5 10. Nxe5 Nf6 11. Qb3 Qc7 12. f4 O-O 13. Rac1 Bd6 14. h3 c5 15.
c4 b6 16. Qa4 Rfc8 17. g4 Be4 18. g5 Bxe5 19. dxe5 Nd7 20. cxd5 Bxd5 21. b4 Bc6
22. Qb3 Qb7 23. Bf3 Bxf3 24. Nxf3 cxb4 25. Rcd1 a5 26. a4 Rc3 27. Qa2 Nc5 28.
Nd4 Qe4 29. Rde1 Rxe3 30. Qd2 Rxe1 31. Rxe1 Qd3 32. Rd1 Qxd2 33. Rxd2 Rd8 34.
Kf2 Nxa4 35. Rc2 Nc5 36. Nc6 Rd3 37. Ne7+ Kf8 38. Nc8 b3 39. Rb2 Rxh3 40. Kg2
Rc3 41. Rb1 Rc2+ 42. Kg3 a4 43. Nxb6 a3 44. Rd1 Ne4+ 45. Kg4 Nf2+ 46. Kf3 Nxd1
47. Na4 a2 48. Ke4 Rc4+ 49. Kd3 Rxa4 50. Kd2 a1=Q 51. f5 Rd4+ 52. Ke2 Qb2+ 53.
Kf1 Qf2# 0-1

[Event "WA Class 2006 - D Section"]
[Site "Seattle"]
[Date "2006.11.??"]
[Round "?"]
[White "Hornickle, John"]
[Black "Chuck, Caleb"]
[Result "1-0"]
[WhiteElo "1372"]
[BlackElo "1109"]
[PlyCount "70"]
[EventDate "2006.11.??"]
[Source "Drayton Harriso"]
[SourceDate "2006.12.04"]

1. e4 e5 2. Nf3 Nc6 3. Bb5 d6 4. Nc3 Nf6 5. O-O Bg4 6. h3 Bh5 7. d3 Be7 8.
Bxc6+ bxc6 9. g4 Bg6 10. Nh4 Nxe4 11. Nxg6 Nxc3 12. bxc3 fxg6 13. Qf3 d5 14.
Bd2 Bf6 15. Rae1 O-O 16. Qg2 g5 17. c4 dxc4 18. Qxc6 cxd3 19. cxd3 Qxd3 20. Be3
Qd6 21. Qc4+ Rf7 22. Rc1 g6 23. Rfd1 Qe7 24. Qd5 Qd8 25. Qc4 Qc8 26. Rd2 Kg7
27. Rcd1 a5 28. Qa4 h5 29. Rd7 Rxd7 30. Rxd7+ Kh6 31. Rf7 Bg7 32. Qe4 Ra6 33.
Bxg5+ Kxg5 34. Rxg7 Qe6 35. gxh5 Kxh5 1-0

[Event "WA Class 2006 - D Section"]
[Site "Seattle"]
[Date "2006.11.26"]
[Round "6"]
[White "Harmon, Luke C"]
[Black "Omori, Jeff"]
[Result "0-1"]
[WhiteElo "1229"]
[BlackElo "1314"]
[PlyCount "60"]
[EventDate "2006.11.??"]
[Source "Drayton Harriso"]
[SourceDate "2006.12.04"]

1. e4 c5 2. Nc3 Nc6 3. f4 d6 4. Nf3 Nf6 5. d3 e6 6. Be2 g6 7. O-O Bg7 8. Qe1
Nd4 9. Nxd4 cxd4 10. Nd1 O-O 11. b3 Qc7 12. Qd2 a5 13. Bb2 Qc5 14. Kh1 b5 15.
c3 Nd7 16. cxd4 Bxd4 17. Rc1 Qb6 18. Bxd4 Qxd4 19. Nf2 Nc5 20. Ng4 Nxe4 21. Qe1
Nc5 22. Rf3 Bb7 23. Rh3 Kg7 24. Rh6 Rh8 25. Qh4 Rae8 26. Rd1 Nd7 27. h3 Nf6 28.
Nf2 Qb2 29. Bf3 Bxf3 30. gxf3 Ng8 0-1

[Event "WA Class 2006 - D Section"]
[Site "Seattle"]
[Date "2006.11.26"]
[Round "6"]
[White "MacGregor, Logan"]
[Black "La Madrid, Ramone"]
[Result "1/2-1/2"]
[WhiteElo "1050"]
[BlackElo "1323"]
[PlyCount "24"]
[EventDate "2006.11.??"]
[Source "Drayton Harriso"]
[SourceDate "2006.12.04"]

1. e4 e5 2. Nf3 Nf6 3. Nxe5 d6 4. Nf3 Nxe4 5. d3 Nf6 6. Nc3 Be7 7. g3 Bg4 8.
Bg2 Nc6 9. Be3 Ne5 10. h3 Bxf3 11. Bxf3 Nxf3+ 12. Qxf3 c6 1/2-1/2

[Event "WA Class 2006 - D Section"]
[Site "Seattle"]
[Date "2006.11.26"]
[Round "5"]
[White "MacGregor, Logan"]
[Black "Ma, Kevin"]
[Result "1-0"]
[WhiteElo "1050"]
[BlackElo "1264"]
[PlyCount "49"]
[EventDate "2006.11.??"]
[Source "Drayton Harriso"]
[SourceDate "2006.12.04"]

1. e4 e5 2. Nf3 Nc6 3. Bc4 Bc5 4. c3 Nf6 5. d4 exd4 6. cxd4 Bb6 7. O-O d6 8. e5
dxe5 9. Qb3 Qd7 10. dxe5 Ne4 11. Be3 Bxe3 12. fxe3 Na5 13. Bxf7+ Qxf7 14. Qa4+
Nc6 15. Qxe4 Qe7 16. Nc3 Be6 17. Nd4 Nxd4 18. exd4 O-O-O 19. a4 Qb4 20. Rfd1 g6
21. a5 a6 22. h3 Bf5 23. Nd5 Qf8 24. Qf3 Be6 25. Nf6 1-0

[Event "WA Class 2006 - D Section"]
[Site "Seattle"]
[Date "2006.11.26"]
[Round "5"]
[White "Seemer, Aaron"]
[Black "Davis, Benjamin"]
[Result "1/2-1/2"]
[WhiteElo "1400"]
[BlackElo "1178"]
[PlyCount "51"]
[EventDate "2006.11.??"]
[Source "Drayton Harriso"]
[SourceDate "2006.12.04"]

1. d4 d5 2. c4 e6 3. Nc3 Nf6 4. cxd5 exd5 5. Bg5 c6 6. e3 Bf5 7. Qf3 Bg6 8.
Bxf6 Qxf6 9. Qxf6 gxf6 10. Kd2 Nd7 11. Bd3 Bd6 12. Nf3 O-O 13. Nh4 Kh8 14. Nf5
Bb4 15. a3 Ba5 16. g4 Rg8 17. h4 h5 18. Rag1 Bc7 19. Rg2 Bh7 20. Rhg1 hxg4 21.
Rxg4 Rxg4 22. Rxg4 Rg8 23. Rxg8+ Kxg8 24. Nh6+ Kg7 25. Nf5+ Kg8 26. Nh6+
1/2-1/2

[Event "WA Class 2006 - D Section"]
[Site "Seattle"]
[Date "2006.11.??"]
[Round "?"]
[White "Cohen, Mark"]
[Black "Hornickle, John"]
[Result "0-1"]
[WhiteElo "1125"]
[BlackElo "1372"]
[PlyCount "80"]
[EventDate "2006.11.??"]
[Source "Drayton Harriso"]
[SourceDate "2006.12.04"]

1. d4 Nf6 2. Nf3 e6 3. b3 b6 4. Bb2 Bb7 5. Nbd2 d5 6. Ne5 Be7 7. f4 Nbd7 8. e3
c5 9. Bd3 Ne4 10. Qf3 Nxd2 11. Kxd2 Nf6 12. Rag1 Qc7 13. h4 c4 14. Be2 Rc8 15.
bxc4 dxc4 16. e4 Nxe4+ 17. Ke1 O-O 18. Bxc4 Nd2 19. Kxd2 Bxf3 20. gxf3 Bf6 21.
Bd3 Bxe5 22. fxe5 Qc6 23. Rh3 Qa4 24. a3 Qa5+ 25. c3 Rfd8 26. Rg4 Qd5 27. Rhg3
g6 28. h5 Rc7 29. Kc2 Qa5 30. hxg6 Qa4+ 31. Kd2 hxg6 32. Bxg6 Kf8 33. Rf4 Qb3
34. Kc1 Qc4 35. Kc2 Qe2+ 36. Kb3 Qd1+ 37. Bc2 Qe2 38. Ka2 Qxc2 39. Rh3 Ke7 40.
Rh7 Qxh7 0-1

[Event "WA Class 2006 - D Section"]
[Site "Seattle"]
[Date "2006.11.25"]
[Round "4"]
[White "Omori, Jeff"]
[Black "Larus-Stone, Nicholas"]
[Result "1-0"]
[WhiteElo "1314"]
[BlackElo "1134"]
[PlyCount "99"]
[EventDate "2006.11.??"]
[Source "Drayton Harriso"]
[SourceDate "2006.12.04"]

1. e4 d6 2. d4 Nf6 3. Nc3 g6 4. Be3 Bg7 5. Nf3 Bg4 6. Be2 Nbd7 7. h3 Bxf3 8.
Bxf3 c5 9. Qd2 cxd4 10. Bxd4 Ne5 11. O-O-O O-O 12. Be2 a6 13. f4 Nc6 14. Be3 b5
15. h4 b4 16. Nd5 Nxe4 17. Qe1 a5 18. h5 a4 19. Nxb4 Nxb4 20. Qxb4 Ng3 21. Rhe1
a3 22. Bd4 axb2+ 23. Qxb2 Nxe2+ 24. Rxe2 Bxd4 25. Rxd4 Qa5 26. Rxe7 Qxa2 27.
Rxd6 Qxb2+ 28. Kxb2 Rfb8+ 29. Kc1 Ra1+ 30. Kd2 Rbb1 31. h6 Rd1+ 32. Kc3 Kf8 33.
Rxd1 Rxd1 34. Re2 Rf1 35. g4 Rxf4 36. g5 Rf5 37. Rg2 Ke7 38. Kd4 Kd6 39. Rg4
Rb5 40. c4 Rf5 41. Ke4 Kc5 42. Rf4 Rxg5 43. Rxf7 Rh5 44. Rxh7 Kd6 45. Kf4 Ke6
46. Rh8 Rh4+ 47. Kg5 Rxc4 48. h7 Kf7 49. Rf8+ Kxf8 50. h8=Q+ 1-0

[Event "WA Class 2006 - D Section"]
[Site "Seattle"]
[Date "2006.11.25"]
[Round "3"]
[White "Hong, Brian"]
[Black "Nikolskyy, Oleksiy"]
[Result "1-0"]
[WhiteElo "1365"]
[BlackElo "547"]
[PlyCount "30"]
[EventDate "2006.11.??"]
[Source "Drayton Harriso"]
[SourceDate "2006.12.04"]

1. e4 e5 2. Nf3 Nc6 3. Bc4 Nf6 4. Nc3 Bc5 5. d3 O-O 6. O-O d6 7. Bg5 Re8 8. Nd5
Be6 9. Bb3 Nd4 10. Nxd4 Bxd4 11. c3 Bb6 12. Nxf6+ gxf6 13. Bh6 d5 14. Bxd5 Bxd5
15. exd5 Kh8 1-0

[Event "WA Class 2006 - D Section"]
[Site "Seattle"]
[Date "2006.11.24"]
[Round "1"]
[White "Seemer, Aaron"]
[Black "Sun, Tristan"]
[Result "0-1"]
[WhiteElo "1400"]
[BlackElo "1303"]
[PlyCount "26"]
[EventDate "2006.11.??"]
[Source "Drayton Harriso"]
[SourceDate "2006.12.04"]

1. d4 d5 2. c4 dxc4 3. e4 Nf6 4. e5 Nd5 5. Bxc4 Nb6 6. Bb3 Nc6 7. Qf3 e6 8. Ne2
Nxd4 9. Nxd4 Qxd4 10. Qe2 Nd7 11. f4 Bb4+ 12. Nd2 Nc5 13. Qc4 Nd3+ 0-1

[Event "WA Class 2006 - D Section"]
[Site "Seattle"]
[Date "2006.11.26"]
[Round "6"]
[White "Seemer, Aaron"]
[Black "Liu, Zachary"]
[Result "0-1"]
[WhiteElo "1400"]
[BlackElo "967"]
[PlyCount "72"]
[EventDate "2006.11.??"]
[Source "Drayton Harriso"]
[SourceDate "2006.12.04"]

1. d4 e6 2. c4 Be7 3. Nc3 Nf6 4. Nf3 d6 5. e4 O-O 6. Bd3 b6 7. O-O Bb7 8. h3 h6
9. Be3 c5 10. d5 exd5 11. exd5 Qc7 12. Re1 Re8 13. Bc2 Nbd7 14. Bf4 Bf8 15. Nb5
Qc8 16. Bxd6 a6 17. Bxf8 axb5 18. Bd6 bxc4 19. Nh4 Bxd5 20. Nf5 Kh8 21. Qd2 Qc6
22. Bf4 Ng8 23. Qc3 Qf6 24. Qg3 Nf8 25. Re5 Ng6 26. Rxd5 Qxb2 27. Rad1 Qxc2 28.
Nd6 Rf8 29. Nf5 Qxa2 30. Be5 Nf6 31. Nxh6 Qa3 32. Qg5 Nxd5 33. Rxd5 Nxe5 34.
Qxe5 Qa1+ 35. Qxa1 Rxa1+ 36. Kh2 gxh6 0-1

[Event "WA Class 2006 - A Section"]
[Site "?"]
[Date "2006.??.??"]
[Round "1"]
[White "May, Andy"]
[Black "Milner, Arik"]
[Result "1-0"]
[WhiteElo "1952"]
[BlackElo "1800"]
[PlyCount "25"]
[EventDate "2006.12.19"]
[SourceDate "2007.02.27"]

1. e4 c6 2. Nc3 d5 3. Nf3 e6 4. d4 Nd7 5. Bd3 Qc7 6. Qe2 Be7 7. exd5 cxd5 8.
Nb5 Qb6 9. Bf4 Bd8 10. O-O Ngf6 11. Nd6+ Ke7 12. Ng5 Qxd4 13. Nf5+ 1-0

[Event "WA Class 2006 - A Section"]
[Site "?"]
[Date "2006.??.??"]
[Round "2"]
[White "Manber, Devon"]
[Black "May, Andy"]
[Result "0-1"]
[WhiteElo "1792"]
[BlackElo "1952"]
[PlyCount "80"]
[EventDate "2006.12.19"]
[SourceDate "2007.02.27"]

1. e4 c5 2. Nf3 Nc6 3. d4 cxd4 4. Nxd4 Qc7 5. Nc3 e6 6. Be3 a6 7. f3 Nf6 8. Be2
Bb4 9. Qd2 Ne5 10. g4 Nexg4 11. fxg4 Nxe4 12. Qd3 Nxc3 13. bxc3 Bxc3+ 14. Kf2
Bxa1 15. Rxa1 Qxh2+ 16. Ke1 Qh1+ 17. Bf1 Qh4+ 18. Kd2 Qxg4 19. Be2 Qg6 20. Qc3
Qf6 21. Rf1 Qe7 22. Nb3 e5 23. Na5 d6 24. Nc4 Be6 25. Nb6 Rd8 26. Rg1 f6 27.
Bg4 Bxg4 28. Rxg4 O-O 29. Bh6 Rf7 30. Qb3 d5 31. Kc1 Kh8 32. Bd2 Qe6 33. Rh4 f5
34. Qh3 Qg6 35. Ba5 Rd6 36. Nc8 Rc6 37. Na7 Rc4 38. Rh5 h6 39. Bd2 f4 40. Rxe5
Qxc2# 0-1

[Event "WA Class 2006 - Master/Expert"]
[Site "Seattle"]
[Date "2006.11.25"]
[Round "3"]
[White "Pupols, Viktors"]
[Black "Greninger, Harley"]
[Result "1/2-1/2"]
[WhiteElo "2203"]
[BlackElo "2240"]
[PlyCount "101"]
[EventDate "2006.11.??"]
[Source "Drayton Harriso"]
[SourceDate "2006.12.04"]

1. c4 c6 2. d4 d5 3. Nf3 Nf6 4. Qc2 g6 5. e3 Bf5 6. Bd3 Bxd3 7. Qxd3 Bg7 8. Nc3
O-O 9. O-O Nbd7 10. e4 dxe4 11. Nxe4 Qc7 12. Nxf6+ Bxf6 13. Bg5 Bxg5 14. Nxg5
Qf4 15. Nh3 Qf6 16. f4 Rfd8 17. Rad1 e6 18. Ng5 h6 19. Ne4 Qf5 20. Qe2 Nf6 21.
Ng3 Qa5 22. Qe5 Qxe5 23. dxe5 Ng4 24. Rfe1 h5 25. Ne4 Kf8 26. Rd6 Ke7 27. Red1
Ne3 28. Rxd8 Rxd8 29. Rxd8 Kxd8 30. Nd6 Ke7 31. c5 Nd5 32. g3 b6 33. Ne4 Nb4
34. a3 Nd3 35. cxb6 axb6 36. b3 Ne1 37. Kf2 Nc2 38. a4 Kd7 39. Ng5 c5 40. Ke2
Nd4+ 41. Kd3 Nxb3 42. Nxf7 Kc6 43. Kc4 Nd2+ 44. Kd3 Nf3 45. Nh8 Nxh2 46. Ke2 c4
47. Nxg6 Kd5 48. Nf8 c3 49. Kd3 Nf1 50. Nd7 Kc6 51. Nf8 1/2-1/2

[Event "WA Class 2006 - Master/Expert"]
[Site "Seattle"]
[Date "2006.11.25"]
[Round "3"]
[White "Perez, Ignacio"]
[Black "Collyer, Curt"]
[Result "1/2-1/2"]
[WhiteElo "2241"]
[BlackElo "2201"]
[PlyCount "46"]
[EventDate "2006.11.??"]
[Source "Drayton Harriso"]
[SourceDate "2006.12.04"]

1. e4 e6 2. d4 d5 3. Nc3 a6 4. Nf3 Nf6 5. Bg5 Be7 6. Bxf6 Bxf6 7. Qe2 O-O 8.
O-O-O c5 9. h4 Nc6 10. e5 Be7 11. dxc5 Qa5 12. Ng5 Nxe5 13. Nxh7 Kxh7 14. Qxe5
Kg8 15. Nxd5 exd5 16. Qxe7 Qxa2 17. Bd3 Qa1+ 18. Kd2 Qxb2 19. Bh7+ Kxh7 20.
Qxf8 Qb4+ 21. Kc1 Qa3+ 22. Kd2 Qb4+ 23. Kc1 Qa3+ 1/2-1/2

[Event "WA Class 2006 - C Section"]
[Site "Seattle"]
[Date "2006.11.??"]
[Round "1"]
[White "Woodlief, Eric"]
[Black "Piper, August"]
[Result "1-0"]
[WhiteElo "1571"]
[BlackElo "1546"]
[PlyCount "103"]
[EventDate "2006.11.??"]
[Source "Drayton Harriso"]
[SourceDate "2006.12.04"]

1. e4 c5 2. Nf3 d6 3. d4 cxd4 4. Nxd4 Nf6 5. Nc3 a6 6. Be2 e6 7. Be3 Be7 8. O-O
O-O 9. Qd2 Qc7 10. a3 b5 11. f3 Bb7 12. Rfd1 Nbd7 13. Rac1 Ne5 14. Qe1 Nc4 15.
Bxc4 Qxc4 16. Nb3 Qc7 17. Qf2 Nd7 18. a4 b4 19. Ne2 Rac8 20. c3 bxc3 21. Rxc3
Qd8 22. Rxc8 Qxc8 23. Rc1 Qd8 24. Ned4 Ne5 25. Qc2 Re8 26. Qc7 Qxc7 27. Rxc7
Ba8 28. Ra7 Nc4 29. Bc1 d5 30. exd5 Bxd5 31. Rxa6 Bf6 32. Nb5 Nxb2 33. Nc7 Rd8
34. Nxd5 exd5 35. Be3 Re8 36. Bd4 Bxd4+ 37. Nxd4 Nd3 38. h3 Re1+ 39. Kh2 g6 40.
Ra8+ Kg7 41. a5 Ra1 42. a6 Nb4 43. a7 Ra6 44. Rb8 Rxa7 45. Rxb4 Kf6 46. Rb6+
Kg5 47. Kg3 f5 48. h4+ Kh5 49. Kh3 Ra4 50. g4+ fxg4+ 51. fxg4+ Kh6 52. Nf5# 1-0

[Event "WA Class 2006 - D Section"]
[Site "Seattle"]
[Date "2006.??.??"]
[Round "3"]
[White "Qu, Frank"]
[Black "McGuire, Dennis"]
[Result "1-0"]
[WhiteElo "1244"]
[BlackElo "1240"]
[PlyCount "54"]
[EventDate "2006.11.??"]
[SourceDate "2007.02.27"]

1. d4 Nf6 2. c4 e6 3. Nf3 Bb4+ 4. Bd2 Qe7 5. a3 Bxd2+ 6. Qxd2 b6 7. Nc3 Bb7 8.
e3 d6 9. Bd3 Nbd7 10. e4 O-O-O 11. O-O h6 12. Nb5 Kb8 13. d5 Nc5 14. Rfe1 Nb3
15. Qb4 Nxa1 16. Rxa1 a6 17. Nbd4 e5 18. Nc6+ Bxc6 19. dxc6 Qe6 20. a4 a5 21.
Qb5 Qc8 22. b4 Ka7 23. c5 dxc5 24. bxc5 Rhe8 25. cxb6+ cxb6 26. Rb1 Qc7 27.
Qa6+ Kb8 1-0

[Event "WA Class 2006 - A Section"]
[Site "Seattle"]
[Date "2006.11.25"]
[Round "4"]
[White "Opalewski, Brian"]
[Black "May, Andy"]
[Result "0-1"]
[WhiteElo "1726"]
[BlackElo "1952"]
[PlyCount "87"]
[EventDate "2006.11.??"]
[Source "Drayton Harriso"]
[SourceDate "2006.12.04"]

1. Nf3 Nf6 2. c4 e6 3. g3 b6 4. Bg2 Bb7 5. O-O Be7 6. b3 O-O 7. Bb2 c5 8. Nc3
d5 9. e3 dxc4 10. bxc4 Nc6 11. Qe2 Rc8 12. Rfd1 Qc7 13. Nb5 Qb8 14. d3 Rfd8 15.
h3 Rd7 16. d4 a6 17. Nc3 cxd4 18. exd4 Na5 19. Ne5 Rdc7 20. d5 Nxc4 21. Nxc4
Rxc4 22. Rac1 e5 23. Bf1 Rd4 24. Rxd4 exd4 25. Qxe7 dxc3 26. Bxc3 Nxd5 27. Qe1
Nxc3 28. Rxc3 Rxc3 29. Qxc3 Qd6 30. Bg2 Bxg2 31. Kxg2 Qb8 32. a4 b5 33. Qb4 g6
34. g4 Qb7+ 35. f3 h6 36. Kh2 Qc7+ 37. Kg2 Qc2+ 38. Kg3 Qxa4 39. Qe7 Qd4 40.
Qe8+ Kg7 41. Qc6 b4 42. Qxa6 b3 43. Qb5 b2 44. Kg2 0-1

[Event "WA Class 2006 - A Section"]
[Site "Seattle"]
[Date "2006.??.??"]
[Round "6"]
[White "Polich, Duane"]
[Black "May, Andy"]
[Result "0-1"]
[WhiteElo "1939"]
[BlackElo "1952"]
[PlyCount "58"]
[EventDate "2006.11.??"]
[SourceDate "2007.02.27"]

1. b3 Nf6 2. Bb2 d5 3. e3 Bf5 4. f4 e6 5. Nf3 Be7 6. Be2 O-O 7. O-O c5 8. Ne5
Nfd7 9. g4 Bg6 10. Nxg6 hxg6 11. g5 e5 12. h4 d4 13. Bc4 Nb6 14. Bd3 Nd5 15.
Qf3 Nc6 16. h5 Bxg5 17. hxg6 fxg6 18. Bc4 Nce7 19. Qg2 Bh6 20. e4 b5 21. Bxd5+
Nxd5 22. exd5 Bxf4 23. c4 Qh4 24. d6 Bh2+ 25. Qxh2 Rxf1+ 26. Kxf1 Qxh2 27. Na3
Rf8+ 28. Ke1 d3 29. Bd4 Qe2# 0-1

[Event "WA Class 2006 - C Section"]
[Site "Seattle"]
[Date "2006.11.26"]
[Round "6"]
[White "Inglis, David"]
[Black "Woodlief, Eric"]
[Result "0-1"]
[WhiteElo "1405"]
[BlackElo "1571"]
[PlyCount "120"]
[EventDate "2006.11.??"]
[Source "Drayton Harriso"]
[SourceDate "2006.12.04"]

1. e4 e5 2. Nf3 Nc6 3. Bb5 a6 4. Bxc6 dxc6 5. O-O f6 6. d4 exd4 7. Nxd4 c5 8.
Nf3 Be6 9. Bf4 c6 10. Nbd2 Ne7 11. Re1 Ng6 12. Bg3 Qd7 13. Qe2 O-O-O 14. Rad1
Qf7 15. e5 f5 16. Ng5 Qe7 17. Nxe6 Qxe6 18. f3 Be7 19. Qc4 Qxc4 20. Nxc4 f4 21.
Bf2 Rxd1 22. Rxd1 Rd8 23. Re1 Kc7 24. g3 b5 25. Na5 Rd2 26. gxf4 Nxf4 27. Bg3
Ne2+ 28. Kf1 Nxg3+ 29. hxg3 c4 30. e6 Rd8 31. c3 Kb6 32. b4 Bf6 33. Re3 c5 34.
e7 Re8 35. Re6+ Kc7 36. Rxa6 cxb4 37. cxb4 Rxe7 38. Ra7+ Kb6 39. Rxe7 Bxe7 40.
a3 Bf6 41. Ke2 Bb2 42. a4 c3 43. axb5 c2 44. Nb3 c1=Q 45. Nxc1 Bxc1 46. f4 Kxb5
47. Kf3 Kxb4 48. Kg4 Kc4 49. Kf5 h6 50. Kg6 Bb2 51. g4 Kd5 52. Kf5 Bc3 53. g5
hxg5 54. Kxg5 Ke4 55. f5 Be5 56. Kg4 Bf6 57. Kh5 Kf4 58. Kg6 Kg4 59. Kh7 Kxf5
60. Kh8 g5+ 0-1